Trend špeciál: Finančné služby

Vklady. Úvery. Stavebné sporenie. Platobné karty. Investovanie. Banky a podnikatelia. Faktoring a lízing. Poistenie. Rady k investovaniu.

Guardado en:
Detalles Bibliográficos
Formato: Capítulo de libro
Lenguaje:eslovaco
Materias:
Etiquetas: Agregar Etiqueta
Sin Etiquetas, Sea el primero en etiquetar este registro!

MARC

LEADER 00000naa$a2200000$$$4500
001 0112486
005 20231009092131.0
041 0 |a slo 
044 |a SK 
245 1 0 |a Trend špeciál: Finančné služby 
520 |a Vklady. Úvery. Stavebné sporenie. Platobné karty. Investovanie. Banky a podnikatelia. Faktoring a lízing. Poistenie. Rady k investovaniu. 
610 2 0 |a vklady 
610 2 0 |a úver 
610 2 0 |a sporenie stavebné 
610 2 0 |a investovanie 
610 2 0 |a banky 
610 2 0 |a podnikatelia 
610 2 0 |a faktoring 
610 2 0 |a lízing 
610 2 0 |a poistenie